000 01491pam a2200385 a 4500
001 4378368
003 OSt
005 20140310182107.0
008 910503s1991 mnua j 001 0ceng
010 _a 91018363
020 _a0915793342 :
_c$9.95
040 _aDLC
_cDLC
_dDLC
042 _alcac
043 _an-us---
050 0 0 _aCT217
_b.D44 1991
082 0 0 _aHS 920.073
_bD37 1991
100 1 _aDelisle, James R.,
_913170
245 1 0 _aKidstories :
_bbiographies of 20 young people you'd like to know /
_cby Jim Delisle ; edited by Pamela Espeland.
260 _aMinneapolis, MN, U.S.A. :
_bFree Spirit Pub.,
_c1991.
300 _a168 p. :
_bill. ;
_c23 cm.
500 _aIncludes index.
520 _aLife stories of twenty school-age boys and girls who were brave, intelligent, inspirational, or simply friendly, as they faced things that each of us faces.
521 _aFirst year to Fourth year students
650 0 _aTeenagers
_zUnited States
_xBiography
_xJuvenile literature.
_913171
650 0 _aChildren
_zUnited States
_xBiography
_xJuvenile literature.
_913172
650 1 _aStudents.
_913173
650 1 _aBiography.
_912111
700 1 _aEspeland, Pamela,
_913174
740 0 _aKid stories.
740 0 _aKid's stories
906 _a7
_bcbc
_corignew
_d1
_eocip
_f19
_gy-gencatlg
942 _2lcc
_cHS
999 _c9310
_d9310